000 00618nam a2200193 i 4500
001 96983
003 ES-MaACL
005 20250729014320.0
007 t|
008 050705s1924 sp ||||1| spa d
245 0 0 _aManual de la propiedad intelectual
_b: ley y reglamento, disposiciones y otros tratados con notas y aclaraciones /
_cpor Francisco Góngora.
250 _a2ª ed.
260 _aMadrid :
_bF. Góngora,
_c1924.
300 _a192 p. ;
_c15 cm.
650 0 4 _aPropiedad intelectual-
_zEspaña
_916489
700 1 _aGóngora, Francisco.
_9127732
852 _aES-MaACL
_jB-6755
999 _c96983
_d96983